| 000 | 00691nam a2200253Ia 4500 | ||
|---|---|---|---|
| 003 | OSt | ||
| 005 | 20220918182348.0 | ||
| 006 | a|||||r|||| 00| 0 | ||
| 007 | ta | ||
| 008 | 220917b |||||||| |||| 00| 0 eng d | ||
| 024 | _a32,099 | ||
| 037 | _cTextual | ||
| 040 |
_aARTS _cARTS _beng |
||
| 041 |
_2eng _aeng |
||
| 082 | _aO111,1L88:g, K2 | ||
| 100 |
_aMarjarum Edward Wayne _960105 |
||
| 245 | 0 | _aByron as skeptic and believer | |
| 260 |
_aNew York _bRussell & Russell USA _c1962 |
||
| 300 |
_aviii,89p. _ccm. |
||
| 500 | _aBib 87-89p | ||
| 650 | _aENGLISH LITERATURE | ||
| 942 |
_hO111,1L88:g, K2 _cTEXL _2CC |
||
| 999 |
_c168692 _d168692 |
||